| 000 | 01263cam a2200277 i 4500 | ||
|---|---|---|---|
| 003 | SA-RiAUC | ||
| 005 | 20260107115002.0 | ||
| 008 | 260101s1993 su a f f000r0 ara c | ||
| 020 | _a4121888 | ||
| 040 |
_aSA-JeALM _bara _cSA-RiAUC _erda |
||
| 043 | _aa-su--- | ||
| 082 | 0 | 4 |
_a635.9770953121 _qSA-RiAUC |
| 090 |
_a635.9770953121 _bا م ا |
||
| 110 | 2 |
_aأمانة العاصمة المقدسة _eمؤلف. |
|
| 245 | 1 | 2 |
_aالتشجير في مكة المكرمة / _cأمانة العاصمة المقدسة، وزارة الشئون البلدية والقروية. |
| 264 | 1 |
_aمكة المكرمة : _bوزارة الشئون البلدية والقروية، أمانة العاصمة المقدسة، _c[1993] |
|
| 300 |
_a88 صفحة : _bإيضاحيات ؛ _c30 × 22 سم |
||
| 336 |
_aنص _btxt _2rdacontent _3كتاب |
||
| 337 |
_aبدون وسيط _bn _2rdamedia |
||
| 610 | 2 | 7 |
_aأمانة العاصمة المقدسة _xمطبوعات حكومية _2aucnm |
| 650 | 7 |
_aالتشجير _zمكة المكرمة _xمطبوعات حكومية _2aucsh |
|
| 650 | 7 |
_aالمطبوعات الحكومية _2aucsh |
|
| 651 | 7 |
_aالسعودية _xمطبوعات حكومية _2aucsh |
|
| 942 |
_2ddc _cBOOK _n0 |
||
| 949 |
_aSA-JeALM _d260101 _uosman123 _n1 |
||
| 999 |
_c13944 _d13944 |
||